| 000 | 00513nam a22002052i 4500 | ||
|---|---|---|---|
| 999 |
_c8939 _d8939 |
||
| 001 | 8939 | ||
| 003 | BD - JhCC | ||
| 005 | 20180926092722.0 | ||
| 008 | 500101s1960 xxk 000 0 eng d | ||
| 035 | _a(BD - JhCC)8939 | ||
| 040 |
_aUKM _cUKM _dEQO _dBD - JhCC |
||
| 041 | _aeng | ||
| 082 |
_a621.9 _218 _bIRV 1960 |
||
| 100 | 1 | _aIrving, Richard. | |
| 245 | 1 | 0 |
_aMetalwork step by step / _cRichard Irving, |
| 260 |
_aF. Warne, _c1960 |
||
| 300 |
_a248 p. : _bill. ; _c22 cm |
||
| 942 |
_2ddc _cBK |
||